La cultura del petroleo.

Bibliographic Details
Main Author: Quintero, Rodolfo
Format: Book
Language:Spanish
Published: Caracas : [Universidad Central de Venezuela. Ediciones Facultad de Ciencias Economicas y Sociales], 1968.
Series:Colección Esquema.
Subjects:

MARC

Tag First Indicator Second Indicator Subfields
LEADER 00000cam a2200000 4500
001 in00000240021
005 20151009092226.0
008 760129s1968 ve a b 00000 spa
010 |a  72380311  
035 |a (OCoLC)01952615 
035 |9 ABA5543AM 
040 |a DLC  |c BUF  |d TXA  |d UtOrBLW 
049 |a TXAM  |c [851179] 
050 0 0 |a HD8039.P42  |b V45 
100 1 |a Quintero, Rodolfo. 
245 1 3 |a La cultura del petroleo. 
264 1 |a Caracas :  |b [Universidad Central de Venezuela. Ediciones Facultad de Ciencias Economicas y Sociales],  |c 1968. 
300 |a 111 pages, 9 unnumbered pages :  |b illustrations ;  |c 24 cm. 
336 |a text  |b txt  |2 rdacontent 
337 |a unmediated  |b n  |2 rdamedia 
338 |a volume  |b nc  |2 rdacarrier 
490 1 |a Coleccion esquema 
504 |a Bibliography: page [113]. 
650 0 |a Petroleum workers  |z Venezuela. 
830 0 |a Colección Esquema. 
999 |a MARS 
999 f f |s 533575d1-b01e-300a-9f25-5ada37fc1a05  |i bb84673c-9788-3a86-8554-e8fa6c5e3b71  |t 0 
952 f f |p ric  |a Texas A&M University  |b Rellis Campus  |c Joint Library Facility  |d Remote Storage  |t 0  |e HD8039.P42 V45  |h Library of Congress classification  |i unmediated -- volume  |m A14802707150 
998 f f |a HD8039.P42 V45  |t 0  |l Remote Storage